Score 0/50 Timer 05:00
0 Plays Today
Hint 4-Letter Word % Correct
Marco ____ ( Italian explorer)POLO
92.6%
Meat from a pigPORK
92.4%
Smile broadlyGRIN
92.1%
Bottle stopperCORK
91%
Han ____ (Star Wars explorer)SOLO
89.6%
United States coinDIME
88.3%
US President 1845–1849POLK
88.2%
Central partCORE
86.3%
Competitive activity or sportGAME
86.1%
Covering of a treeBARK
84.8%
Lowers the lightsDIMS
84.5%
Unable to walk without difficultyLAME
83.7%
An increase in the value of an assetGAIN
83%
Web-footed water birdDUCK
82.9%
Ancient traditions and knowledgeLORE
82.1%
Juan Ponce de ____ (Spanish explorer)LEÓN
81%
Mungo ____ (Scottish explorer)PARK
79.6%
Vasco da ____ (Portuguese explorer)GAMA
79.3%
____ the Explorer (Animated explorer)DORA
79.1%
To a smaller extentLESS
78.6%
Dip (bread) into drink or soupDUNK
78.6%
Pier; wharfDOCK
77.8%
Socially inept personDORK
77.8%
Receptacles in which to deposit trashBINS
77.8%
Poetic name for IrelandERIN
77.7%
Hint 4-Letter Word % Correct
Capital city of TogoLOMÉ
77.2%
Author Tolstoy and philosopher StraussLEOS
74.4%
Tie or fasten (something) togetherBIND
73.6%
____ the Red (Norse explorer)ERIK
73.3%
Another name for IrelandEIRE
72.6%
Fraught with extreme dangerDIRE
72.3%
Mother of Cronus and the TitansGAIA
70.8%
Minstrel poetBARD
70.7%
James ____ (English explorer)COOK
70.2%
Web-footed water birdLOON
69.8%
Buy (a ticket) in advanceBOOK
66.8%
Brontë's Jane or explorer Edward John ____EYRE
65.5%
Something helpful or beneficialBOON
62.8%
Hernando de ____ (Spanish explorer)SOTO
61.9%
Breaks down; decomposesROTS
61.1%
Euphemism for deathLOSS
59.8%
Chronic drinkersSOTS
58.6%
Prejudice for or against one personBIAS
55.3%
Soft, dark brown furMINK
54.6%
Bartolomeu ____ (Portuguese explorer)DIAS
53.5%
Regard as important; feel concern aboutMIND
53.5%
John ____ (English explorer)ROSS
50.6%
Jens ____ (Dano-Norwegian explorer)MUNK
50.5%
Richard E. ____ (American explorer)BYRD
46.3%
Barn for cowsBYRE
45.7%

Today's Daily Dose

Missing Word
'T' Pairs

Word Ladder
Game Pieces

Get the Picture
Baseball Movies

Remove Ads.
Support Sporcle.
Get the best of Sporcle when you Go Orange. This ad-free experience offers more features, more stats, and more fun while also helping to support Sporcle. Thank you for becoming a member.

You're not logged in!

Compare scores with friends on all Sporcle quizzes.
OR
Log In

Show Comments

Extras

Top Quizzes Today


Score Distribution

Your Account Isn't Verified!

In order to create a playlist on Sporcle, you need to verify the email address you used during registration. Go to your Sporcle Settings to finish the process.

Report this User

Report this user for behavior that violates our Community Guidelines.

Details: